000 01382nam a2200265 i 4500
003 DO-SdBNP
005 20250116073944.0
006 a||||brdr 00| 0
007 ta
008 230809e1985 dr adb|| |||| 00| 0 spa d
040 _aDO-SdBNP
_bspa
_cBNPHU
_erda
082 4 _222
_bR426pr
110 1 _aRepública Dominicana.
_bSecretaría de Estado de Educación, Bellas Artes y Cultos
_eautor
_923965
245 1 0 _aProgramas de séptimo grado:
_beducación general básica. /
_cPresentación, Emilio Ernesto López Féliz
246 1 4 _aSéptimo grado
264 _aSanto Domingo :
_b[sin editora],
_c1985
300 _a560 páginas :
_bIlustraciones, gráficas, mapas ;
_c27 cm.
336 _2rdacontent
_atexto
_btxt
337 _2rdamedia
_asin mediación
_bn
338 _2rdacarrier
_avolumen
_bnc
505 _aPresentación.-- Agradecimiento.-- Resolución no. 1237-85.-- Comisión Elaboradora.
_tLenguaje al Servicio de la Comunicación.-- Matemáticas.-- Estudios Sociales.-- Formación Integral, Humana y Religiosa.-- La Naturaleza y sus Manifestaciones.-- Actividades Manuales y artes expresivas.-- Artes Plásticas.-- Educación Musical.-- Educación para el Hogar.--Educación Física, Deportes y Recreación.-- Lenguas Extranjeras.-- Orientación.
590 _aInventariado 2023 / MF
700 2 _aLópez Féliz, Emilio Ernesto,
_epresentador
_983925
942 _2ddc
_cLBS1
999 _c54363
_d54363